La administración simplificada

Na minha lista:
Detalhes bibliográficos
Autor principal: Ballesteros Moffa, Luis Ángel
Formato: Desconhecido
Idioma:inglês
espanhol
Publicado em: Valencia, España Tirant lo Blanch 2017
coleção:Administrativo Práctico
Assuntos:
Tags: Adicionar Tag
Sem tags, seja o primeiro a adicionar uma tag!

MARC

LEADER 00000 a2200000 4500
003 CL-VaPUC
005 20210325001638.0
008 200120b ||||| |||| 00| 0 eng d
999 |c 376123  |d 376121 
020 |a 9788491694892 
040 |c Pontificia Universidad Católica de Valparaíso 
041 0 |a spa 
082 |a 342 BAL 2017 
100 1 |a Ballesteros Moffa, Luis Ángel  |9 605032 
245 1 3 |a La administración simplificada 
260 3 |b Tirant lo Blanch  |c 2017  |a Valencia, España 
300 |a 264 páginas 
490 0 0 |a Administrativo Práctico 
505 0 |a Capítulo primero. Vademécum de las crisis económico-financiera y administrativa. Capítulo segundo. El acceso y ejercicio de actividades económicas en el epicentro simplificador. Capítulo tercero. La "tierra prometida" de la administración electrónica. Capítulo cuarto. La taxonomía del elemento simplificador en el sector turístico. Capítulo quinto. La contratación pública como "yacimiento" de simplificación en el marco e la cuarta generación de directivas y nuevas leyes de contratos. 
583 |k Hugo Gaete  |c 20200120 
650 0 0 |a Derecho administrativo  |9 254851 
650 0 0 |a CONTRATACION PUBLICA  |9 605624 
650 0 0 |a Gestión administrativa  |9 375217 
942 |2 ddc  |c BK 
952 |0 0  |1 0  |2 ddc  |4 0  |6 342_000000000000000_BAL_2017  |7 0  |9 495293  |a BIBDER  |b BIBDER  |d 2020-01-02  |e 36  |g 19164.00  |i 5568889  |o 342 BAL 2017  |p 5568889  |r 2023-01-25  |t 1  |v 19164.00  |w 2020-01-02  |y BK  |k DER